[Event "IRI-chT"]
[Site "Iran"]
[Date "2005.08.26"]
[Round "9"]
[White "Rafiei, A."]
[Black "Sharbaf, Mohsen"]
[Result "0-1"]
[WhiteElo "2164"]
[BlackElo "2346"]
[PlyCount "48"]
[EventDate "2005.05.26"]
[EventType "team-tourn"]
[EventRounds "11"]
[EventCountry "IRI"]
[SourceTitle "CBM 106 Extra"]
[Source "ChessBase"]
[SourceDate "2005.07.01"]
[SourceVersion "1"]
[SourceVersionDate "2005.07.01"]
[SourceQuality "1"]

1. e4 c5 2. Nc3 Nc6 3. f4 g6 4. Nf3 Bg7 5. Bc4 e6 6. 0-0 Nge7 7. Qe1 0-0 8. Bb3 d5 9. d3 Nd4 10. Nxd4 cxd4 11. Ne2 dxe4 12. dxe4 b5 13. Qh4 a5 14. a4 Ba6 15. f5 bxa4 16. f6 Nf5 17. Rxf5 exf5 18. Bg5 Bh8 19. Rxa4 Bxe2 20. exf5 Ra6 21. fxg6 hxg6 22. Qe4 Bh5 23. Rxd4 Rd6 24. Bxf7+ Rxf7 0-1

[Event "IRI-chT"]
[Site "Iran"]
[Date "2005.05.26"]
[Round "1"]
[White "Moosavian, S Hamed"]
[Black "Rafiei, A."]
[Result "0-1"]
[WhiteElo "2240"]
[BlackElo "2164"]
[PlyCount "42"]
[EventDate "2005.05.26"]
[EventType "team-tourn"]
[EventRounds "11"]
[EventCountry "IRI"]
[SourceTitle "CBM 106 Extra"]
[Source "ChessBase"]
[SourceDate "2005.07.01"]
[SourceVersion "1"]
[SourceVersionDate "2005.07.01"]
[SourceQuality "1"]

1. e4 e5 2. Bc4 Nc6 3. Nf3 Bc5 4. c3 Nf6 5. d3 0-0 6. Nbd2 a6 7. 0-0 Ba7 8. Bb3 Qe7 9. Nc4 d6 10. Bg5 h6 11. Bh4 g5 12. Nxg5 hxg5 13. Bxg5 Be6 14. Kh1 Kg7 15. f4 Rh8 16. fxe5 Rxh2+ 17. Kxh2 Rh8+ 18. Kg3 Nxe4+ 19. Kf3 Nxg5+ 20. Kg3 Ne4+ 21. Kf3 Qg5 0-1

[Event "Fajr op 13th"]
[Site "Tehran"]
[Date "2005.02.01"]
[Round "9"]
[White "Rafiei, A."]
[Black "Moosavian, S Hamed"]
[Result "1-0"]
[WhiteElo "2158"]
[BlackElo "2250"]
[PlyCount "99"]
[EventDate "2005.01.04"]
[EventType "swiss"]
[EventRounds "9"]
[EventCountry "IRI"]
[SourceTitle "CBM 104 Extra"]
[Source "ChessBase"]
[SourceDate "2005.03.01"]
[SourceVersion "1"]
[SourceVersionDate "2005.03.01"]
[SourceQuality "1"]

1. e4 c5 2. Nc3 e6 3. Nf3 Nc6 4. d4 cxd4 5. Nxd4 Nf6 6. Be3 Bb4 7. Nxc6 bxc6 8. e5 Ne4 9. a3 Nxc3 10. Qg4 Ba5 11. Qxg7 Rf8 12. b4 Bb6 13. Bh6 Qe7 14. Bd3 f5 15. exf6 Qxf6 16. Qxf8+ Qxf8 17. Bxf8 Kxf8 18. Bxh7 a5 19. Kd2 Bd4 20. Raf1 axb4 21. axb4 Nd5 22. Rb1 Bc3+ 23. Ke2 Nxb4 24. Rb3 Nd5 25. Rd1 Be5 26. Kf3 Ra4 27. g3 c5 28. Kg2 Nf6 29. f4 Bc7 30. Bg6 Kg7 31. f5 e5 32. h3 c4 33. Rb5 Ra2 34. Rc5 Bb7+ 35. Kf1 Bc6 36. g4 Kh6 37. h4 Kg7 38. g5 e4 39. h5 Rxc2 40. h6+ Kf8 41. Rxc6 Ng4 42. Rf6+ Nxf6 43. gxf6 e3 44. Ra1 e2+ 45. Kf2 Bb6+ 46. Kf3 Bd8 47. Ra8 e1N+ 48. Ke4 d5+ 49. Ke5 Nf3+ 50. Kd6 1-0

[Event "Fajr op 13th"]
[Site "Tehran"]
[Date "2005.01.31"]
[Round "7"]
[White "Rafiei, A."]
[Black "Ryahi, Naser"]
[Result "1-0"]
[WhiteElo "2158"]
[BlackElo "2232"]
[PlyCount "63"]
[EventDate "2005.01.04"]
[EventType "swiss"]
[EventRounds "9"]
[EventCountry "IRI"]
[SourceTitle "CBM 104 Extra"]
[Source "ChessBase"]
[SourceDate "2005.03.01"]
[SourceVersion "1"]
[SourceVersionDate "2005.03.01"]
[SourceQuality "1"]

1. e4 c5 2. Nf3 d6 3. d4 cxd4 4. Nxd4 Nf6 5. Nc3 a6 6. f4 e5 7. Nf3 Nbd7 8. Bc4 Be7 9. 0-0 0-0 10. a4 Qa5 11. Kh1 exf4 12. Bxf4 Ne5 13. Nxe5 dxe5 14. Bg5 Qc5 15. Bb3 Ng4 16. Bxe7 Qxe7 17. Qe1 Be6 18. Qg3 Kh8 19. Bxe6 Qxe6 20. Rf5 g6 21. Rg5 f5 22. Qh4 Qb6 23. h3 Nf2+ 24. Kh2 fxe4 25. Rxe5 Rf7 26. Re1 Qxb2 27. Qg3 Rc8 28. Nd5 Rxc2 29. Re8+ Kg7 30. Nf4 Rd7 31. Ne6+ Kf7 32. Qf4+ 1-0